Guess the Taylor Swift Song (no hints) 205 - Statistics

General Stats
  • This quiz has been taken 51 times
  • The average score is 103 of 216
Answer Stats
Answer % Correct
a
95%
you
95%
The
93%
the
93%
your
93%
and
86%
And
86%
we
84%
Do
77%
In
77%
in
77%
My
77%
to
74%
were
74%
that
72%
of
70%
Love
67%
love
67%
was
67%
are
63%
How
63%
how
63%
there
60%
There
60%
As
58%
say
58%
Now,
53%
see
53%
knew
49%
never
49%
night
49%
night,
49%
Only
49%
remember
47%
Remember
47%
day
44%
with
44%
here
42%
Our
42%
our
42%
stay
35%
heart
30%
Ah
28%
ah
28%
Ah,
28%
ah,
28%
away
28%
hands
28%
September?
28%
September
28%
dancin'
26%
share
26%
danced
21%
days
21%
hearts
21%
shared
21%
singin'
19%
blue
16%
changin'
16%
chasin'
16%
clouds
16%
cloudy
16%
December
16%
dreams
16%
found
16%
key
16%
minds
16%
pretenders
16%
ringin'
16%
stars
16%
talk
16%
thoughts
16%
28th
14%
golden
14%
souls
14%
stole
14%
today
14%
While
14%
Hey,
12%
Holding
12%
shiny
12%
No matching quizzes found
Score Distribution
Percent of People with Each Score
Percentile by Number Answered
Your Score History
You have not taken this quiz